| 000 | 00849nam a2200253 a 4500 | ||
|---|---|---|---|
| 001 | BRL_908 | ||
| 005 | 20190320210940.0 | ||
| 008 | 231013s1960----mx-a######---#000-0#spa-# | ||
| 041 | _aspa | ||
| 044 | _amx | ||
| 050 | 4 |
_aNA5257.T4 _b.R49 1960 |
|
| 100 | 1 |
_aReyes Valerio, Constantino _925289 |
|
| 245 | 1 | 0 |
_aTepalcingo _cConstantino Reyes Valerio. |
| 260 |
_aMéxico, D.F. _bInstituto Nacional de Antropología e Historia _c1960 |
||
| 300 |
_a107 p. _bil. _c23 cm. |
||
| 440 | 0 |
_aDirección de Monumentos Coloniales _pPublicaciones _v11 _925290 |
|
| 500 | _aej.1 Au1034; ej.2 Au1045; ej.3 Au2125 | ||
| 500 | _aLa biblioteca cuenta con 3 ejemplares | ||
| 504 | _aBibliografía: p. 106-107 | ||
| 650 | 1 | 4 |
_aArquitectura religiosa _zTepalcingo (Morelos) _925291 |
| 651 | 4 |
_aTepalcingo (Morelos) _zIglesias _925292 |
|
| 902 | _aGRL | ||
| 942 |
_2lcc _cB |
||
| 999 |
_c9720 _d9720 |
||